Código de comercio de la República Dominicana : (Registro nro. 6846)
[ vista simple ]
| 000 -CABECERA | |
|---|---|
| campo de control de longitud fija | 00952nam a2200217 a 4500 |
| 001 - NÚMERO DE CONTROL | |
| campo de control | 000007063 |
| 005 - FECHA Y HORA DE LA ÚLTIMA TRANSACCIÓN | |
| campo de control | 20200929154046.0 |
| 008 - DATOS DE LONGITUD FIJA--INFORMACIÓN GENERAL | |
| campo de control de longitud fija | 090904s1924 dr r f000 0 spa d |
| 040 ## - FUENTE DE LA CATALOGACIÓN | |
| Centro catalogador/agencia de origen | DO-SdBNP |
| Lengua de catalogación | spa |
| Centro/agencia transcriptor | BNPHU |
| 082 ## - NÚMERO DE LA CLASIFICACIÓN DECIMAL DEWEY | |
| Número de clasificación | 346.729307 |
| Número de documento/Ítem | R426c, 1924 |
| 110 1# - ENTRADA PRINCIPAL--NOMBRE DE ENTIDAD CORPORATIVA | |
| Nombre de entidad corporativa o nombre de jurisdicción como elemento de entrada | República Dominicana. |
| 9 (RLIN) | 447 |
| 240 10 - TÍTULO UNIFORME | |
| Título uniforme | Código de Comercio (1884) |
| 245 10 - MENCIÓN DE TÍTULO | |
| Título | Código de comercio de la República Dominicana : |
| Resto del título | arreglado por la comisión nombrada por el Poder Ejecutivo y conforme al decreto del Congreso Nacional de fecha 4 de julio de 1882, conservando el orden de los artículos del texto francés vigente en la República desde el año de 1845. |
| 250 ## - MENCIÓN DE EDICIÓN | |
| Mención de edición | Edición oficial |
| 260 ## - PUBLICACIÓN, DISTRIBUCIÓN, ETC. | |
| Lugar de publicación, distribución, etc. | Santo Domingo : |
| Fabricante | Casanova, |
| Fecha de publicación, distribución, etc. | 1924. |
| 300 ## - DESCRIPCIÓN FÍSICA | |
| Extensión | 282 p. ; |
| Dimensiones | 25 cm. |
| 500 ## - NOTA GENERAL | |
| Nota general | Incluye índice onomástico. |
| 650 #4 - PUNTO DE ACCESO ADICIONAL DE MATERIA--TÉRMINO DE MATERIA | |
| Término de materia o nombre geográfico como elemento de entrada | Derecho comercial |
| Subdivisión geográfica | República Dominicana |
| 9 (RLIN) | 14449 |
| 650 #4 - PUNTO DE ACCESO ADICIONAL DE MATERIA--TÉRMINO DE MATERIA | |
| Término de materia o nombre geográfico como elemento de entrada | Leyes |
| Subdivisión geográfica | República Dominicana |
| 9 (RLIN) | 3033 |
| 910 ## - DATOS DE OPCIÓN DEL USUARIO (OCLC) | |
| Datos de opción del usuario | Validado. Control de calidad. EMS |
| Estado de retiro | Estado de pérdida | Restricciones de uso | No para préstamo | Código de colección | Localización permanente | Ubicación/localización actual | Ubicación en estantería | Fecha de adquisición | Número de inventario | Total de préstamos | Signatura topográfica completa | Código de barras | Fecha visto por última vez | Precio válido a partir de | Tipo de ítem Koha | Número de copia |
|---|---|---|---|---|---|---|---|---|---|---|---|---|---|---|---|---|
| Excluido de préstamo | Raros y valiosos | Patrimonio Dominicano | Patrimonio Dominicano | Depósito | 04.09.2009 | LF1 | 346.729307 R426c, 1924 | 7063-10 | 25.06.2020 | 25.06.2020 | No se presta | |||||
| Excluido de préstamo | Raros y valiosos | Patrimonio Dominicano | Patrimonio Dominicano | Depósito | 14.08.2012 | LF1 | 346.729307 R426c, 1924 | 7063-20 | 25.06.2020 | 25.06.2020 | No se presta | e. 2 |
